[Event "Open Vitrolles 2019-2020"]
[Site "Vitrolles"]
[Date "2019.09.05"]
[Round "1.1"]
[White "Corrias, Robert"]
[Black "Misene, Milan"]
[Result "1-0"]
[WhiteElo "1542"]
[BlackElo "1288"]
[PlyCount "99"]

1. e4 e5 2. Nf3 Nc6 3. Nc3 Nf6 4. Bc4 Bc5 5. d3 d6 6. Bg5 Bb4 7. O-O Bxc3 8.
bxc3 Bg4 9. h3 Bd7 10. d4 h6 11. Bh4 g5 12. dxe5 Nxe5 13. Nxe5 dxe5 14. Bg3 Qe7
15. Re1 O-O-O 16. Qe2 Bc6 17. f3 Nh5 18. Bf2 Nf4 19. Qe3 b6 20. a4 Qc5 21. Qxc5
bxc5 22. Bxc5 Rd2 23. Bf1 Rxc2 24. Rec1 Rd2 25. Bxa7 Rhd8 26. Be3 Rb2 27. Bxf4
gxf4 28. a5 Bb5 29. Rd1 Rxd1 30. Rxd1 Bxf1 31. Kxf1 Ra2 32. Rd5 f6 33. Kg1 Ra3
34. Rc5 Kb7 35. Kh2 h5 36. h4 c6 37. Kh3 Kc7 38. g3 Kd6 39. Rc4 Rxa5 40. g4
hxg4+ 41. Kxg4 c5 42. h5 Ke6 43. h6 Kf7 44. Kf5 Rb5 45. Ra4 Rb7 46. Ra6 Kg8 47.
Kg6 Rf7 48. Ra8+ Rf8 49. h7+ Kh8 50. Rxf8# 1-0

[Event "Open Vitrolles 2019-2020"]
[Site "Vitrolles"]
[Date "2019.09.05"]
[Round "1.2"]
[White "Mars, Florence"]
[Black "Thiers, Jean-Jacques"]
[Result "0-1"]
[WhiteElo "1270"]
[BlackElo "1515"]
[PlyCount "78"]

1. e4 e5 2. Nf3 Nc6 3. d4 exd4 4. Nxd4 Nxd4 5. Qxd4 Nf6 6. Be2 d6 7. O-O Be7 8.
f3 O-O 9. Be3 Bd7 10. c4 Re8 11. Nc3 b6 12. Nd5 Bc6 13. Nxe7+ Qxe7 14. Bg5 h6
15. Bxf6 Qxf6 16. Qxf6 gxf6 17. Kf2 f5 18. exf5 Re5 19. Bd3 f6 20. Rfe1 Rxe1
21. Rxe1 Kf7 22. Be4 Bxe4 23. fxe4 a5 24. Ke3 Rg8 25. Re2 Rg4 26. Kd4 Ke7 27.
a3 Rf4 28. Ke3 Rf1 29. Rf2 Rc1 30. Kd3 Rd1+ 31. Rd2 Rf1 32. Ke3 Kd7 33. g4 Rc1
34. e5 fxe5 35. f6 Rxc4 36. Rf2 Ke8 37. Rg2 Kf7 38. h4 Kxf6 39. Rf2+ Kg6 0-1

[Event "Open Vitrolles 2019-2020"]
[Site "Vitrolles"]
[Date "2019.09.05"]
[Round "1.3"]
[White "Scamaroni, Jean-Paul"]
[Black "Delporte, Clement"]
[Result "1-0"]
[WhiteElo "1492"]
[BlackElo "1259"]
[PlyCount "65"]

1. d4 d5 2. c4 e6 3. Nc3 Be7 4. Nf3 Nf6 5. Bg5 O-O 6. e3 Nbd7 7. Bd3 b6 8. cxd5
exd5 9. O-O Bb7 10. Rc1 c5 11. Re1 Ne4 12. Bxe7 Qxe7 13. Nd2 c4 14. Bxe4 dxe4
15. Nxc4 f5 16. Qb3 Kh8 17. Nd2 Rac8 18. Nd5 Rxc1 19. Rxc1 Bxd5 20. Qxd5 Qb4
21. Nb3 Qa4 22. Rc7 Nf6 23. Qxf5 Qxa2 24. Nd2 Qxb2 25. Nf1 a5 26. Qg5 Rg8 27.
h4 h6 28. Qg6 a4 29. Ng3 Qb4 30. Nf5 Nd7 31. Nxh6 Rf8 32. Nf7+ Rxf7 33. Qxf7
1-0

[Event "Open Vitrolles 2019-2020"]
[Site "Vitrolles"]
[Date "2019.09.05"]
[Round "1.4"]
[White "Rannou, Danielle"]
[Black "Mezadourian, Nicolas"]
[Result "0-1"]
[WhiteElo "1199"]
[BlackElo "1480"]
[PlyCount "40"]

1. d4 d5 2. Nf3 Nf6 3. e3 c6 4. Be2 Bf5 5. O-O e6 6. Nc3 Be7 7. a3 O-O 8. Nh4
Nbd7 9. Nxf5 exf5 10. h3 Re8 11. Bd3 Ne4 12. Ne2 g6 13. f3 Ng5 14. Bd2 c5 15.
c3 c4 16. Bc2 Bd6 17. b4 Nb6 18. Qc1 Nxh3+ 19. Kh1 Qh4 20. Be1 Nf2+ 0-1

[Event "Open Vitrolles 2019-2020"]
[Site "Vitrolles"]
[Date "2019.09.06"]
[Round "1.5"]
[White "Chabaud, Philippe"]
[Black "Schoeni, Christine"]
[Result "1-0"]
[WhiteElo "1465"]
[BlackElo "1199"]
[PlyCount "123"]

1. d4 d5 2. Bf4 e6 3. e3 Nf6 4. Nf3 c5 5. c3 Ne4 6. Nbd2 Nc6 7. Bd3 Nxd2 8.
Qxd2 Bd6 9. Bxd6 Qxd6 10. O-O O-O 11. Rac1 c4 12. Bb1 Ne7 13. Qc2 Nf5 14. g4 e5
15. dxe5 Qg6 16. h3 Ne7 17. Qxg6 fxg6 18. Nh2 h5 19. f4 Kh7 20. Rc2 hxg4 21.
hxg4 Be6 22. Rg2 Rh8 23. Nf3 Kg8 24. Ng5 Bc8 25. e6 b5 26. f5 Bb7 27. Rh2 Rxh2
28. Kxh2 Rf8 29. Nf7 d4 30. exd4 Bd5 31. Rf2 a5 32. Kg3 gxf5 33. gxf5 g6 34. f6
Nf5+ 35. Bxf5 gxf5 36. Nd6 Bxe6 37. Nxf5 Bxf5 38. Rxf5 Kf7 39. Rxb5 Kxf6 40.
Rxa5 Rg8+ 41. Kf4 Rb8 42. Rc5 Rxb2 43. a4 Rf2+ 44. Ke3 Ra2 45. Rxc4 Rh2 46. Rc5
Rh3+ 47. Kd2 Ke6 48. a5 Rh7 49. Kd3 Kd6 50. Kc4 Ra7 51. Kb5 Rb7+ 52. Ka6 Rb2
53. Ka7 Ra2 54. a6 Ra3 55. Kb6 Rb3+ 56. Ka7 Ra3 57. c4 Rc3 58. Kb8 Rb3+ 59. Rb5
Ra3 60. a7 Kd7 61. a8=Q Rxa8+ 62. Kxa8 1-0

[Event "Open Vitrolles 2019-2020"]
[Site "Vitrolles"]
[Date "2019.09.05"]
[Round "1.6"]
[White "Hamm, Gabrielle"]
[Black "Cens, Alain"]
[Result "1-0"]
[WhiteElo "1192"]
[BlackElo "1444"]
[PlyCount "59"]

1. e4 c5 2. Nf3 d6 3. d4 cxd4 4. Nxd4 Nf6 5. Nc3 g6 6. Bc4 Bg7 7. O-O O-O 8. h3
Nc6 9. Be3 Bd7 10. Qd2 a6 11. Rad1 Rc8 12. Be2 Ne5 13. Bh6 Nc4 14. Bxc4 Rxc4
15. Bxg7 Kxg7 16. Rfe1 Qc7 17. Re3 b5 18. a3 Rc8 19. f4 Bc6 20. e5 dxe5 21.
fxe5 Nd5 22. Nxd5 Bxd5 23. c3 e6 24. Rf1 Rc5 25. Qf2 Bc4 26. Qf6+ Kg8 27. Rf2
Qd8 28. Qxf7+ Kh8 29. Nxe6 Bxe6 30. Qxe6 1-0

[Event "Open Vitrolles 2019-2020"]
[Site "Vitrolles"]
[Date "2019.09.05"]
[Round "1.7"]
[White "Bregier, Gerard"]
[Black "Biard, Noah"]
[Result "0-1"]
[WhiteElo "1415"]
[BlackElo "1171"]
[PlyCount "77"]

1. d4 Nf6 2. Nc3 d5 3. Bf4 a6 4. e3 Bf5 5. f3 e6 6. g4 Bg6 7. h4 h6 8. h5 Bh7
9. Bd3 Nbd7 10. Bxh7 Nxh7 11. Qd3 Bb4 12. Nge2 O-O 13. O-O-O Re8 14. e4 c5 15.
exd5 cxd4 16. Nxd4 e5 17. Nf5 exf4 18. d6 Nhf6 19. Ne7+ Kh8 20. Ncd5 Bxd6 21.
Nxf6 Nxf6 22. Qxd6 Qxd6 23. Rxd6 Rxe7 24. Rhd1 Kh7 25. c4 Rc8 26. b3 Re3 27.
R1d3 b5 28. Kd2 bxc4 29. bxc4 Rxc4 30. Rxa6 Re7 31. a4 Rec7 32. Ra3 Rd7+ 33.
Rd3 Rb7 34. a5 Rb2+ 35. Kd1 Ra4 36. Rc3 Nd5 37. Rc1 Rd4+ 38. Ke1 Nb4 39. Rd1
0-1

[Event "Open Vitrolles 2019-2020"]
[Site "Vitrolles"]
[Date "2019.09.05"]
[Round "1.8"]
[White "Midoux, Malicia"]
[Black "Benoit-Lizon, Alain"]
[Result "1-0"]
[WhiteElo "1131"]
[BlackElo "1397"]
[PlyCount "81"]

1. d4 Nf6 2. Bf4 c5 3. c3 e6 4. e3 d5 5. Nf3 c4 6. b3 b5 7. a4 Qa5 8. Nbd2 Qxc3
9. axb5 cxb3 10. Bxb8 Rxb8 11. Rxa7 Bd6 12. Ng5 O-O 13. Qxb3 Qc1+ 14. Qd1 Qxd1+
15. Kxd1 Bd7 16. Ra6 Bb4 17. b6 h6 18. Ngf3 Bc8 19. Ra7 Rxb6 20. Bd3 Bd6 21.
Ke2 Bd7 22. Ne5 Rd8 23. Rb1 Rxb1 24. Bxb1 Bxe5 25. dxe5 Ng4 26. Nf3 Bb5+ 27.
Ke1 Rc8 28. Bh7+ Kxh7 29. h3 Rc1+ 30. Kd2 Rf1 31. hxg4 Rxf2+ 32. Kc3 Rxg2 33.
Rxf7 Rxg4 34. Nd4 Bc4 35. Nxe6 h5 36. Nf4 Kh6 37. e6 g5 38. Rf6+ Kg7 39. Nxh5+
Kg8 40. e7 Bb5 41. Rf8+ 1-0

[Event "Open Vitrolles 2019-2020"]
[Site "Vitrolles"]
[Date "2019.09.05"]
[Round "1.9"]
[White "Frailinu, Jean-Bernard"]
[Black "Piquemal, Jean Christophe"]
[Result "0-1"]
[WhiteElo "1369"]
[BlackElo "1129"]
[PlyCount "92"]

1. g3 d5 2. d4 Nf6 3. Bg2 Nc6 4. Nf3 e6 5. O-O Bb4 6. a3 Ba5 7. b4 Bb6 8. Nc3
O-O 9. Na4 Re8 10. Bb2 Bd7 11. Nxb6 axb6 12. Rc1 Ne4 13. Qd3 f6 14. c4 Na7 15.
cxd5 exd5 16. Rfe1 Bb5 17. Qc2 Rc8 18. Nd2 Nxd2 19. Qxd2 Bc4 20. e3 Qd7 21. Qd1
Qb5 22. Rc3 Rcd8 23. e4 c6 24. Rce3 Nc8 25. e5 f5 26. Qh5 Ne7 27. Bh3 g6 28.
Qg5 c5 29. g4 Bd3 30. Rd1 Be2 31. Rd2 fxg4 32. Rexe2 gxh3 33. Qf6 Nc8 34. bxc5
Rf8 35. Qe6+ Rf7 36. cxb6 Nxb6 37. Qxh3 Nc4 38. Rc2 Nxb2 39. Rxb2 Qa6 40. Rec2
Rdf8 41. Qb3 Qe6 42. Qg3 Rf4 43. Qe3 Qg4+ 44. Kf1 Qd1+ 45. Qe1 Qd3+ 46. Re2
Qh3+ 0-1

[Event "Open Vitrolles 2019-2020"]
[Site "Vitrolles"]
[Date "2019.09.05"]
[Round "1.10"]
[White "Besson, Catherine"]
[Black "Maccagno, Gilbert"]
[Result "0-1"]
[WhiteElo "1050"]
[BlackElo "1368"]
[PlyCount "58"]

1. e4 c5 2. Nc3 e6 3. f4 d6 4. Nf3 Nf6 5. Bc4 Be7 6. d3 a6 7. a4 Nc6 8. O-O O-O
9. Qe1 Ne8 10. Be3 b6 11. Rd1 Qc7 12. d4 cxd4 13. Nxd4 Nxd4 14. Rxd4 Bf6 15. e5
dxe5 16. fxe5 Bxe5 17. Rh4 Bb7 18. Bd3 f5 19. Be2 Nf6 20. Bc4 Rae8 21. Rxf5 Bd5
22. Bxd5 exd5 23. Qf2 Rb8 24. Bd4 Bxd4 25. Rxd4 Rbd8 26. Nxd5 Nxd5 27. Rdxd5 h6
28. Rxd8 Qxd8 29. Qxb6 Qxb6+ 0-1

[Event "Open Vitrolles 2019-2020"]
[Site "Vitrolles"]
[Date "2019.09.05"]
[Round "1.11"]
[White "Briquet, Xavier"]
[Black "Hamm, Rodrigue"]
[Result "1-0"]
[WhiteElo "1352"]
[BlackElo "1050"]
[PlyCount "121"]

1. e4 c5 2. Nf3 Nc6 3. Bc4 e6 4. Nc3 g6 5. d4 cxd4 6. Nxd4 Nf6 7. Bg5 e5 8. Nf3
Bg7 9. Nd5 O-O 10. O-O d6 11. c3 Be6 12. Qd3 Rc8 13. Rad1 Na5 14. Nxf6+ Bxf6
15. Bxf6 Bxc4 16. Bxd8 Bxd3 17. Rxd3 Rfxd8 18. Rfd1 Rc6 19. Nxe5 Ra6 20. Rf3
Rf8 21. Nd7 Rd8 22. Nf6+ Kg7 23. e5 Nc4 24. Ng4 Nxb2 25. Ra1 dxe5 26. Nxe5 f6
27. Ng4 f5 28. Ne3 Rd2 29. a3 Nd3 30. Nc4 Re2 31. Rxd3 b5 32. Rd2 Re7 33. Rd6
Ra4 34. Ne3 f4 35. Nc2 Re2 36. Ra2 a5 37. Kf1 Ree4 38. Rd4 Rexd4 39. Nxd4 b4
40. cxb4 axb4 41. Nb5 h5 42. Ke1 g5 43. g3 f3 44. Kd1 Kf6 45. Kc1 Ke5 46. Kb2
bxa3+ 47. Nxa3 Rd4 48. Kc3 Rd1 49. Nc4+ Kf6 50. Ra6+ Ke7 51. Ne3 Rh1 52. h4
gxh4 53. gxh4 Rxh4 54. Nf5+ Kf7 55. Nxh4 Kg7 56. Nxf3 h4 57. Nxh4 Kh7 58. Kd4
Kg7 59. Ke5 Kf7 60. Ra7+ Ke8 61. Kd6 1-0

[Event "Open Vitrolles 2019-2020"]
[Site "Vitrolles"]
[Date "2019.09.05"]
[Round "1.12"]
[White "Cortes-Sobral, Maria"]
[Black "Chauvet, Joelle"]
[Result "0-1"]
[WhiteElo "1010"]
[BlackElo "1333"]
[PlyCount "60"]

1. d3 e5 2. Bd2 Nc6 3. Nf3 Be7 4. e4 Nf6 5. c4 O-O 6. Nh4 d6 7. Qf3 Nd4 8. Qg3
Nh5 9. Qe3 Nc2+ 10. Ke2 Nxe3 11. Bxe3 Bxh4 12. g3 Bg5 13. h4 Bxe3 14. fxe3 Bg4+
15. Kd2 Qf6 16. Be2 Bxe2 17. Kxe2 Nxg3+ 18. Kd2 Nxh1 19. Nc3 Qf2+ 20. Ne2 Ng3
21. Re1 f5 22. Kc3 Qxe1+ 23. Kb3 Qxe2 24. d4 Nxe4 25. dxe5 dxe5 26. a4 a5 27.
Ka2 Rfd8 28. h5 Qxc4+ 29. b3 Rd2+ 30. Ka3 Qb4# 0-1

[Event "Open Vitrolles 2019-2020"]
[Site "Vitrolles"]
[Date "2019.09.05"]
[Round "1.13"]
[White "Porte, Jacques"]
[Black "Bui, Kerian"]
[Result "1-0"]
[WhiteElo "1289"]
[BlackElo "1009"]
[PlyCount "45"]

1. d4 d5 2. c4 dxc4 3. Nc3 e6 4. e3 Bb4 5. Qc2 Bd7 6. Bxc4 Nf6 7. Nf3 O-O 8.
O-O Nc6 9. Bd3 Rb8 10. a3 Ba5 11. b4 Bb6 12. Bb2 a6 13. Ne2 Ba7 14. e4 a5 15.
e5 Ne8 16. Bxh7+ Kh8 17. Be4 Rg8 18. Rad1 f5 19. exf6 gxf6 20. d5 exd5 21. Bxd5
Rg6 22. Qxg6 Ne7 23. Qh6# 1-0

[Event "Open Vitrolles 2019-2020"]
[Site "Vitrolles"]
[Date "2019.11.09"]
[Round "2.1"]
[White "Chauvet, Joelle"]
[Black "Corrias, Robert"]
[Result "1-0"]
[WhiteElo "1333"]
[BlackElo "1546"]
[PlyCount "73"]

1. d4 d5 2. e3 Nf6 3. c4 c6 4. Nc3 Nbd7 5. Nf3 g6 6. cxd5 cxd5 7. Bb5 Bg7 8.
O-O O-O 9. Re1 Nb6 10. b3 Bg4 11. Be2 a6 12. Ne5 Bxe2 13. Qxe2 Nfd7 14. Nd3 e6
15. Ba3 Re8 16. Rac1 Rc8 17. Qd2 Qf6 18. Bd6 Bh6 19. Ne5 Nxe5 20. dxe5 Qd8 21.
Ba3 Qd7 22. Qd4 Rc6 23. Rcd1 Rec8 24. Ne2 Bg7 25. Ng3 Qc7 26. f4 Nd7 27. Bd6
Qa5 28. Qd2 Rc3 29. Ne2 Qb6 30. Nxc3 f6 31. Qd4 Qxd4 32. exd4 Rxc3 33. Rc1 Rd3
34. Rc8+ Kf7 35. Rc7 Ke8 36. Rxb7 Rxd4 37. Rc1 1-0

[Event "Open Vitrolles 2019-2020"]
[Site "Vitrolles"]
[Date "2019.11.09"]
[Round "2.2"]
[White "Thiers, Jean-Jacques"]
[Black "Briquet, Xavier"]
[Result "1-0"]
[WhiteElo "1528"]
[BlackElo "1376"]
[PlyCount "81"]

1. e4 e5 2. Nf3 Nc6 3. Bb5 d6 4. O-O Bd7 5. c3 Nf6 6. Re1 Be7 7. d3 O-O 8. Nbd2
a6 9. Ba4 b5 10. Bc2 Bg4 11. h3 Bh5 12. Nf1 Nd7 13. Ng3 Bg6 14. Be3 Rb8 15. Qd2
Nb6 16. Rad1 d5 17. Bb3 d4 18. cxd4 Bb4 19. Qc2 Nxd4 20. Nxd4 exd4 21. Bd2 Bxd2
22. Qxd2 c5 23. Rc1 Nd7 24. f4 h6 25. f5 Bh7 26. e5 Re8 27. e6 fxe6 28. fxe6
Kh8 29. exd7 Qxd7 30. Rxe8+ Rxe8 31. Rxc5 Qd6 32. Qc1 Qxg3 33. Rc8 Qe5 34. Bf7
Rg8 35. Bxg8 Bxg8 36. a3 Kh7 37. Qf1 Bd5 38. Rf8 Be6 39. Qf4 Qe1+ 40. Kh2 a5
41. Qxd4 1-0

[Event "Open Vitrolles 2019-2020"]
[Site "Vitrolles"]
[Date "2019.11.09"]
[Round "2.3"]
[White "Mezadourian, Nicolas"]
[Black "Porte, Jacques"]
[Result "1-0"]
[WhiteElo "1475"]
[BlackElo "1216"]
[PlyCount "64"]

1. d4 Nf6 2. c4 e6 3. Nc3 Bb4 4. e3 Bxc3+ 5. bxc3 d5 6. cxd5 exd5 7. Bd3 O-O 8.
Ne2 Nbd7 9. O-O c6 10. c4 c5 11. cxd5 Nxd5 12. dxc5 Nxc5 13. Ba3 b6 14. Qc2 g6
15. Be4 Re8 16. Bf3 Bf5 17. Qd2 Be4 18. Bg4 Qg5 19. Bh3 Rad8 20. Nd4 Bd3 21.
Rfe1 Bf5 22. Bxf5 gxf5 23. Qc2 Ne4 24. Nf3 Qh6 25. Bb2 Rc8 26. Qb3 Nef6 27.
Red1 Rcd8 28. Rd4 Re7 29. Rad1 Red7 30. Rh4 Qf8 31. Ne5 Rc7 32. Rhd4 Qe7 1-0

[Event "Open Vitrolles 2019-2020"]
[Site "Vitrolles"]
[Date "2019.11.09"]
[Round "2.4"]
[White "Biard, Noah"]
[Black "Scamaroni, Jean-Paul"]
[Result "0-1"]
[WhiteElo "1203"]
[BlackElo "1473"]
[PlyCount "88"]

1. e4 c5 2. Nf3 d6 3. d4 cxd4 4. Nxd4 Nf6 5. Nc3 a6 6. Be3 e5 7. Nf3 Be7 8. Bd3
Bg4 9. O-O O-O 10. Bc4 b5 11. Bd5 Nxd5 12. Nxd5 Nd7 13. h3 Bh5 14. Rc1 Nc5 15.
Bxc5 dxc5 16. c4 b4 17. g4 Bg6 18. Nxe5 Bd6 19. Nxg6 fxg6 20. Rc2 Be5 21. Rd2
Bd4 22. Ne3 Qf6 23. Nc2 Be5 24. Rd5 Qf4 25. Rxe5 Qxe5 26. Qd5+ Qxd5 27. exd5
Rad8 28. Re1 Rfe8 29. Ne3 Re7 30. Rd1 Re4 31. d6 Rd4 32. Re1 R4xd6 33. Nd5 Kf8
34. Re7 Rxd5 35. Re6 R5d6 36. Re5 Rc6 37. Re3 Rd2 38. Rb3 Rf6 39. Kg2 Rfxf2+
40. Kg3 Rxb2 41. Rd3 Rfd2 42. Rf3+ Kg8 43. a3 g5 44. h4 Rg2+ 0-1

[Event "Open Vitrolles 2019-2020"]
[Site "Vitrolles"]
[Date "2019.11.09"]
[Round "2.5"]
[White "Piquemal, Jean Christophe"]
[Black "Chabaud, Philippe"]
[Result "0-1"]
[WhiteElo "1143"]
[BlackElo "1461"]
[PlyCount "68"]

1. d4 d5 2. c4 Nf6 3. Nc3 e6 4. Bg5 Be7 5. Nf3 Nc6 6. e3 O-O 7. Bd3 Nb4 8. O-O
Nxd3 9. Qxd3 c6 10. cxd5 exd5 11. Rac1 Re8 12. Qd1 Bg4 13. a3 Ne4 14. Bxe7 Qxe7
15. Rc2 Ng5 16. h3 Bxf3 17. gxf3 Nxh3+ 18. Kh2 Qh4 19. Kg2 Re6 20. Ne2 Rg6+ 21.
Ng3 Nxf2 22. Kxf2 Qxg3+ 23. Ke2 Re8 24. Qe1 Qf4 25. Rc3 Qxd4 26. Qf2 Qb6 27. b4
d4 28. Rd3 dxe3 29. Qh4 Rg2+ 30. Ke1 e2 31. Rh1 Rg1+ 32. Rxg1 Qxg1+ 33. Kd2
e1=Q+ 34. Qxe1 Qxe1+ 0-1

[Event "Open Vitrolles 2019-2020"]
[Site "Vitrolles"]
[Date "2019.11.09"]
[Round "2.6"]
[White "Maccagno, Gilbert"]
[Black "Hamm, Gabrielle"]
[Result "1-0"]
[WhiteElo "1366"]
[BlackElo "1224"]
[PlyCount "137"]

1. e4 c5 2. Nf3 Nc6 3. c3 e5 4. Bc4 Nf6 5. d3 Be7 6. O-O O-O 7. Be3 d5 8. exd5
Nxd5 9. Bc1 Bg4 10. Nbd2 a6 11. Qe2 b5 12. Bxd5 Qxd5 13. Qe4 Qxe4 14. dxe4 f5
15. h3 Bh5 16. exf5 Rxf5 17. g4 Bxg4 18. hxg4 Rf4 19. Nh2 Raf8 20. f3 b4 21.
Ne4 R4f7 22. Be3 c4 23. Kg2 bxc3 24. bxc3 Nd8 25. Rab1 Ne6 26. Rb7 Bd8 27. Rxf7
Rxf7 28. Nd6 Nf4+ 29. Bxf4 Rxf4 30. Ne4 Bb6 31. Rd1 Rf8 32. Rd6 Rb8 33. Nf1 Bc7
34. Rxa6 Rb2+ 35. Nfd2 Bb6 36. a4 Be3 37. Rd6 Ra2 38. a5 Rxa5 39. Nxc4 Ra2+ 40.
Ncd2 Kf7 41. c4 Ke7 42. Rd5 Ke6 43. Kf1 Rc2 44. Ke2 Bxd2 45. Nxd2 Rxc4 46. Rd3
Rf4 47. Ne4 g6 48. Ng5+ Kf6 49. Nxh7+ Kg7 50. Ng5 Kh6 51. Ne4 Rf8 52. Ke3 g5
53. Rd6+ Kg7 54. Nxg5 Rf6 55. Rd5 Ra6 56. Rxe5 Ra3+ 57. Kf4 Ra4+ 58. Ne4 Kg6
59. g5 Rb4 60. Re6+ Kf7 61. Kf5 Rb5+ 62. Re5 Rxe5+ 63. Kxe5 Kg6 64. f4 Kg7 65.
f5 Kg8 66. Kf6 Kf8 67. g6 Kg8 68. Ng5 Kh8 69. Ke7 1-0

[Event "Open Vitrolles 2019-2020"]
[Site "Vitrolles"]
[Date "2019.11.09"]
[Round "2.7"]
[White "Estevez, Ange"]
[Black "Midoux, Malicia"]
[Result "1/2-1/2"]
[WhiteElo "1460"]
[BlackElo "1127"]
[PlyCount "88"]

1. e4 e5 2. Nf3 Nf6 3. Nxe5 d6 4. Nf3 Nxe4 5. d4 d5 6. Bd3 Nf6 7. O-O Be7 8. c4
c6 9. c5 O-O 10. Nc3 Bg4 11. h3 Bh5 12. Bf4 b6 13. b4 Nbd7 14. Re1 Re8 15. Re3
a5 16. a3 Bg6 17. Bxg6 hxg6 18. Ne5 Nxe5 19. Bxe5 Nd7 20. Bg3 bxc5 21. bxc5 Bf6
22. Rxe8+ Qxe8 23. Bd6 Be7 24. Bxe7 Qxe7 25. Rb1 Rb8 26. Rxb8+ Nxb8 27. Na4 Nd7
28. Nb6 Nf8 29. Qd2 Ne6 30. Qxa5 Nxd4 31. Nc8 Qf8 32. Nd6 Ne6 33. Qb6 Nd8 34.
Qc7 d4 35. Kf1 f5 36. a4 d3 37. Ke1 Qf6 38. Kd2 Qg5+ 39. Kxd3 Ne6 40. Qf7+ Kh7
41. Qxe6 Qxg2 42. Qe3 Qd5+ 43. Qd4 Qb3+ 44. Qc3 Qxa4 1/2-1/2

[Event "Open Vitrolles 2019-2020"]
[Site "Vitrolles"]
[Date "2019.11.09"]
[Round "2.8"]
[White "Cens, Alain"]
[Black "Guisset, Andre"]
[Result "1-0"]
[WhiteElo "1428"]
[BlackElo "1448"]
[PlyCount "43"]

1. c4 Nf6 2. Nc3 c5 3. g3 Nc6 4. Bg2 g6 5. e4 Bg7 6. Nge2 O-O 7. O-O d6 8. d3
Rb8 9. h3 a6 10. a4 Bd7 11. Be3 e5 12. f4 Qc8 13. Kh2 Be6 14. Qd2 Ne8 15. g4
Nd4 16. Bxd4 cxd4 17. Nd5 Nf6 18. Ne7+ Kh8 19. Nxc8 Bxc8 20. b4 Nd7 21. f5 Nf6
22. g5 1-0

[Event "Open Vitrolles 2019-2020"]
[Site "Vitrolles"]
[Date "2019.11.09"]
[Round "2.9"]
[White "Schoeni, Christine"]
[Black "Bregier, Gerard"]
[Result "0-1"]
[WhiteElo "1199"]
[BlackElo "1395"]
[PlyCount "84"]

1. d4 c6 2. c4 d5 3. c5 Bf5 4. e3 Nf6 5. Nc3 e6 6. Bd3 Bg4 7. Be2 Bf5 8. Bd3
Bxd3 9. Qxd3 Be7 10. Nf3 Nbd7 11. O-O O-O 12. Bd2 Qc7 13. Qe2 Rfe8 14. e4 dxe4
15. Nxe4 Nd5 16. Bg5 N7f6 17. Ne5 Rad8 18. f3 h6 19. Bxf6 Nxf6 20. Rad1 Nd5 21.
Qf2 f6 22. Ng6 b6 23. Nxe7+ Rxe7 24. Nd6 e5 25. Rfe1 exd4 26. Rxe7 Qxe7 27. Nf5
Qxc5 28. Nxd4 Ne7 29. h3 Nf5 30. Kh2 Nxd4 31. Qd2 Nxf3+ 32. gxf3 Rxd2+ 33. Rxd2
Qe5+ 34. Kg2 Qg5+ 35. Kf2 Qxd2+ 36. Kg3 Qxb2 37. a4 Qe5+ 38. Kf2 Qh2+ 39. Ke3
Qxh3 40. Kf4 Qh4+ 41. Ke3 Qxa4 42. f4 g5 0-1

[Event "Open Vitrolles 2019-2020"]
[Site "Vitrolles"]
[Date "2019.11.09"]
[Round "2.10"]
[White "Benoit-Lizon, Alain"]
[Black "Rannou, Danielle"]
[Result "1-0"]
[WhiteElo "1381"]
[BlackElo "1199"]
[PlyCount "49"]

1. e4 e5 2. Nf3 Nc6 3. Bb5 Qf6 4. Nc3 Nd4 5. Nxd4 exd4 6. Ne2 Qe5 7. Bc4 Qxe4
8. O-O d5 9. Ng3 Bg4 10. f3 Qe6 11. Re1 Qxe1+ 12. Qxe1+ Be7 13. Bxd5 Bc8 14.
Nf5 Bxf5 15. d3 c6 16. Bb3 Rd8 17. Qe5 Nf6 18. Qxf5 O-O 19. Bg5 h6 20. Bh4 g5
21. Re1 Nd5 22. Bf2 Bb4 23. Re5 Ne7 24. Qe4 Ng6 25. Qxg6+ 1-0

[Event "Open Vitrolles 2019-2020"]
[Site "Vitrolles"]
[Date "2019.11.09"]
[Round "2.11"]
[White "Hamm, Rodrigue"]
[Black "Frailinu, Jean-Bernard"]
[Result "0-1"]
[WhiteElo "1050"]
[BlackElo "1364"]
[PlyCount "102"]

1. e4 e6 2. d4 d5 3. exd5 exd5 4. c4 Nf6 5. Nc3 Bb4 6. Nf3 O-O 7. Bd3 Re8+ 8.
Be3 Ne4 9. Rc1 dxc4 10. Bxc4 Nd6 11. Bb3 Nf5 12. Qd2 Qe7 13. O-O Nxe3 14. fxe3
Qxe3+ 15. Qxe3 Rxe3 16. Nd5 Rxb3 17. axb3 Bd6 18. Nxc7 Bxc7 19. Rxc7 Na6 20.
Re7 Kf8 21. Rfe1 Be6 22. Rxb7 Bd5 23. Rd7 Nb4 24. Ng5 h6 25. Ne4 Re8 26. Rxf7+
Bxf7 27. g3 Bd5 28. Rf1+ Kg8 29. Nf2 Bxb3 30. Rc1 Nc2 31. Rd1 Rd8 32. Rd3 Bf7
33. Rb3 Nxd4 34. Rb7 a5 35. b4 a4 36. Ra7 Bb3 37. Ne4 Rb8 38. Nd2 Rxb4 39. Nxb3
axb3 40. Ra1 b2 41. Rb1 Nb5 42. Kf2 Na3 43. Rxb2 Rxb2+ 44. Kg1 Kf7 45. Kf1 Rxh2
46. g4 Kg6 47. g5 Kxg5 48. Kg1 Ra2 49. Kh1 Kf4 50. Kg1 Kf3 51. Kh1 Kg3 0-1

[Event "Open Vitrolles 2019-2020"]
[Site "Vitrolles"]
[Date "2019.11.09"]
[Round "2.12"]
[White "Delporte, Clement"]
[Black "Cortes-Sobral, Maria"]
[Result "1-0"]
[WhiteElo "1276"]
[BlackElo "1010"]
[PlyCount "55"]

1. e4 e6 2. d4 Nf6 3. e5 Nd5 4. c4 Nb6 5. Nc3 Qe7 6. Nf3 d6 7. g3 Bd7 8. b3 d5
9. Qd3 Na6 10. a3 O-O-O 11. Bg2 g6 12. Bg5 f6 13. Bxf6 Qf7 14. Ng5 Qe8 15. Bxh8
Be7 16. Bf6 Bxf6 17. exf6 dxc4 18. bxc4 Bc6 19. O-O Bxg2 20. Kxg2 Qc6+ 21. Kg1
Nxc4 22. Nxh7 b5 23. f7 Rh8 24. Rfe1 Rxh7 25. f8=Q+ Kb7 26. Nxb5 Nb2 27. Qb3
Nc4 28. Nd6# 1-0

[Event "Open Vitrolles 2019-2020"]
[Site "Vitrolles"]
[Date "2019.11.09"]
[Round "2.13"]
[White "Bui, Kerian"]
[Black "Mars, Florence"]
[Result "0-1"]
[WhiteElo "1009"]
[BlackElo "1272"]
[PlyCount "62"]

1. e4 c5 2. Nf3 g6 3. Bc4 Bg7 4. O-O Nf6 5. d3 O-O 6. e5 Ng4 7. h3 Nxe5 8. Nxe5
Bxe5 9. Bh6 Bg7 10. Bxg7 Kxg7 11. Nc3 Nc6 12. Ne4 d5 13. Nxc5 dxc4 14. dxc4 b6
15. Qxd8 Rxd8 16. Nd3 Bf5 17. Rfd1 Bxd3 18. cxd3 Rd4 19. b3 Rad8 20. a3 Rxd3
21. Rxd3 Rxd3 22. b4 Rc3 23. b5 Nd4 24. Re1 Kf6 25. Re4 Rxc4 26. g4 Nf3+ 27.
Kg2 Rxe4 28. Kxf3 Ra4 29. Kg3 Rxa3+ 30. Kh4 g5+ 31. Kh5 Rxh3# 0-1

[Event "Open Vitrolles 2019-2020"]
[Site "Vitrolles"]
[Date "2019.11.09"]
[Round "2.14"]
[White "Misene, Milan"]
[Black "Besson, Catherine"]
[Result "1-0"]
[WhiteElo "1271"]
[BlackElo "1062"]
[PlyCount "127"]

1. d4 e6 2. c4 d5 3. Nc3 Nf6 4. Nf3 Be7 5. g3 O-O 6. cxd5 exd5 7. Bg2 Bf5 8.
Bg5 Nbd7 9. O-O c6 10. a3 Ne4 11. Bxe7 Qxe7 12. Nh4 Bg6 13. Nxg6 fxg6 14. Nxe4
dxe4 15. e3 Nb6 16. Rc1 Nd5 17. Qb3 Kh8 18. Qc2 Nf6 19. h3 Rf7 20. Rfd1 Raf8
21. Qc5 Qxc5 22. dxc5 Re8 23. Rd4 Rfe7 24. Rcd1 Kg8 25. Bf1 Kf8 26. b4 Nd5 27.
Bc4 Nc3 28. Re1 Nd5 29. Bxd5 cxd5 30. Rxd5 Kf7 31. Red1 Kf6 32. Rd6+ Kf7 33.
Rd7 g5 34. g4 g6 35. b5 Rxd7 36. Rxd7+ Re7 37. c6 Rxd7 38. cxd7 Ke7 39. d8=Q+
Kxd8 40. Kf1 Kd7 41. Ke2 Kd6 42. Kd2 Kc5 43. b6 axb6 44. Kc3 b5 45. Kb3 b6 46.
Kc3 h6 47. Kb3 b4 48. axb4+ Kb5 49. Kc3 h5 50. Kb3 Kc6 51. Kc4 b5+ 52. Kd4 hxg4
53. hxg4 Kd6 54. Kxe4 Ke6 55. Kd4 Kd6 56. e4 Ke6 57. e5 Ke7 58. Kd5 Kd7 59. e6+
Ke7 60. Ke5 Ke8 61. Kf6 Kf8 62. e7+ Ke8 63. f3 Kd7 64. Kf7 1-0

[Event "Open Vitrolles 2019-2020"]
[Site "Vitrolles"]
[Date "2019.11.30"]
[Round "3.1"]
[White "Chabaud, Philippe"]
[Black "Thiers, Jean-Jacques"]
[Result "1/2-1/2"]
[WhiteElo "1461"]
[BlackElo "1528"]
[PlyCount "87"]

1. d4 d5 2. Bf4 Nc6 3. e3 Nf6 4. Nf3 g6 5. Be2 Bg7 6. Nbd2 O-O 7. Ne5 Nh5 8.
Bxh5 Nxe5 9. dxe5 gxh5 10. Qxh5 f6 11. Nf3 Qe8 12. Qxe8 Rxe8 13. exf6 Bxf6 14.
Be5 Bxe5 15. Nxe5 Bf5 16. O-O-O c6 17. g4 Bg6 18. h4 Rf8 19. Nxg6 hxg6 20. f4
Kg7 21. Rdf1 e6 22. h5 Rae8 23. hxg6 Kxg6 24. Kd2 Rf7 25. Rh5 Ree7 26. Rg5+ Kf6
27. Rh1 Rh7 28. Rgh5 Rxh5 29. Rxh5 Rg7 30. g5+ Kf5 31. Ke2 d4 32. Rh4 dxe3 33.
Kxe3 e5 34. fxe5 Kxe5 35. Rg4 Kf5 36. Rg2 Rxg5 37. Rxg5+ Kxg5 38. Kd4 Kf5 39.
c4 Ke6 40. b4 b6 41. a3 Kd6 42. a4 a5 43. c5+ bxc5+ 44. bxc5+ 1/2-1/2